IB world schools : (Record no. 2985)
[ view plain ]
| 000 -LEADER | |
|---|---|
| fixed length control field | 00537nam a22002057a 4500 |
| 003 - CONTROL NUMBER IDENTIFIER | |
| control field | OSt |
| 005 - DATE AND TIME OF LATEST TRANSACTION | |
| control field | 20140310181746.0 |
| 008 - FIXED-LENGTH DATA ELEMENTS--GENERAL INFORMATION | |
| fixed length control field | 130622t xxu||||| |||| 00| 0 eng d |
| 020 ## - INTERNATIONAL STANDARD BOOK NUMBER | |
| International Standard Book Number | 1904724329 |
| 050 ## - LIBRARY OF CONGRESS CALL NUMBER | |
| Classification number | LB 2351 |
| Item number | .H662 2006 |
| 082 ## - DEWEY DECIMAL CLASSIFICATION NUMBER | |
| Classification number | IB 373 |
| Item number | Ib1 2006 |
| 100 ## - MAIN ENTRY--PERSONAL NAME | |
| Personal name | Hindes, Emma |
| 245 ## - TITLE STATEMENT | |
| Title | IB world schools : |
| Remainder of title | yearbook 2006 / |
| Statement of responsibility, etc | Emma Hindes. |
| 260 ## - PUBLICATION, DISTRIBUTION, ETC. (IMPRINT) | |
| Place of publication, distribution, etc | Saxmundham |
| Name of publisher, distributor, etc | John Catt Educational Ltd |
| Date of publication, distribution, etc | 2006 |
| 300 ## - PHYSICAL DESCRIPTION | |
| Extent | 303 p. : |
| Other physical details | ill. ; |
| Dimensions | 30 cm. |
| 562 ## - COPY AND VERSION IDENTIFICATION NOTE | |
| Number of copies | 2 |
| 942 ## - ADDED ENTRY ELEMENTS (KOHA) | |
| Source of classification or shelving scheme | Library of Congress Classification |
| Koha item type | Books |
| Withdrawn status | Lost status | Source of classification or shelving scheme | Damaged status | Home library | Current library | Shelving location | Date acquired | Total Checkouts | Full call number | Barcode | Date last seen | Copy number | Price effective from | Koha item type | Date checked out |
|---|---|---|---|---|---|---|---|---|---|---|---|---|---|---|---|
| Library of Congress Classification | Luxembourg Library | Luxembourg Library | International Baccalaureate Section | 06/22/2013 | LB 2351 .H662 2006 | 14632 | 08/13/2013 | 1 | 06/22/2013 | Books | |||||
| Library of Congress Classification | Luxembourg Library | Luxembourg Library | International Baccalaureate Section | 06/22/2013 | 1 | LB 2351 .H662 2006 | 14631 | 09/20/2017 | 2 | 06/22/2013 | Books | 09/20/2017 |